Situation der Familien auslaendischer Arbeitnehmer in Nordrhein-Westfalen am Beispiel Duisburgs

Saved in:  
Bibliographic Details
Authors: Langenohl-Weyer, Angelika (Author) ; Tiedt, Friedemann (Author) ; Wennekes, Renate (Author)
Format: Print Book
Language:German
Published: Frankfurt am Main Institut für Sozialarbeit und Sozialpädagogik 19XX-
In:Year: 1976
Check availability: HBZ Gateway
Subito Delivery Service: Order now.
Volumes / Articles:Show volumes/articles.

MARC

LEADER 00000cam a22000002ca4500
001 1107706734
003 DE-627
005 20260206201507.0
007 tu
008 940302n19uuuuuuxx ||||| 00| ||ger c
035 |a (DE-627)1107706734 
035 |a (DE-603)08341925X 
035 |a (DE-576)03770673X 
035 |a (DE-599)BSZ03770673X 
035 |a (OCoLC)174523651 
040 |a DE-627  |b ger  |c DE-627  |e rakwb 
041 |a ger 
084 |a MS 3550  |2 rvk  |0 (DE-625)rvk/123684: 
100 1 |a Langenohl-Weyer, Angelika  |0 (DE-627)1231906049  |0 (DE-576)161906044  |4 aut 
109 |a Langenohl-Weyer, Angelika 
190 |j 1976 
245 1 0 |a Situation der Familien auslaendischer Arbeitnehmer in Nordrhein-Westfalen am Beispiel Duisburgs  |c Angelika Langenohl-Weyer; Friedemann Tiedt; Renate Wennekes 
264 1 |a Frankfurt am Main  |b Institut für Sozialarbeit und Sozialpädagogik  |c 19XX- 
336 |a Text  |b txt  |2 rdacontent 
337 |a ohne Hilfsmittel zu benutzen  |b n  |2 rdamedia 
338 |a Band  |b nc  |2 rdacarrier 
700 1 |a Tiedt, Friedemann  |4 aut 
700 1 |a Wennekes, Renate  |4 aut 
935 |a mkri 
935 |h HEB  |i 0501 
935 |h HEB  |i 0503 
936 r v |a MS 3550  |b Ausländer, Arbeitsmigrant  |k Soziologie  |k Spezielle Soziologien  |k Soziologie der Minoritäten und Randgruppen  |k Ausländer, Arbeitsmigrant  |0 (DE-627)1271086611  |0 (DE-625)rvk/123684:  |0 (DE-576)201086611 
936 s n |a m200  |2 mzub 
951 |a MC 
ELC |b 1 
LOK |0 000 xxxxxcx a22 zn 4500 
LOK |0 001 2224911734 
LOK |0 003 DE-627 
LOK |0 004 1107706734 
LOK |0 005 20030408000000 
LOK |0 008 030408||||||||||||||||ger||||||| 
LOK |0 040   |a DE-Frei85  |c DE-627  |d DE-Frei85 
LOK |0 852   |a DE-Frei85 
LOK |0 852 1  |m p  |9 00 
LOK |0 938   |k p 
LOK |0 939   |a 08-04-03  |b l01 
ORI |a SA-MARC-krimdoka001.raw 
SPR |a 1  |t KRI